000 00832nam a22001577a 4500
003 macl
005 20231105151329.0
008 231105b |||||||| |||| 00| 0 eng d
040 _cmacl
082 _a333
100 _a संजय गुप्‍ता
_982019
245 _aमध्‍य प्रदेश लोक सेवा आयोग मुख्‍य परीक्षा दर्पण मध्‍य प्रदेश में स्‍वतंत्रता आन्‍दोलन एवं भारतीय सांस्‍कृतिक विरासत (प्रश्‍न पत्र 1 खंड अ इकाई 4) By: संजय गुप्‍ता
260 _a ग्‍वालियर
_b निर्माण IAS
_c2020
650 _aइतिहास
942 _2ddc
_cHIN
999 _c66325
_d66325